Pancho (Record no. 7764)

MARC details
000 -LEADER
campo de control de longitud fija 00356nam a2200145Ia 4500
001 - NÚMERO DE CONTROL
campo de control 3898
008 - DATOS DE LONGITUD FIJA--INFORMACIÓN GENERAL
campo de control de longitud fija 241024s9999 xx 000 0 und d
020 ## - NÚMERO INTERNACIONAL ESTÁNDAR DEL LIBRO
Número Internacional Estándar del Libro 978-9945-465-39-6
082 ## - NÚMERO DE LA CLASIFICACIÓN DECIMAL DEWEY
Número de clasificación RD/863.97293/SL634p
100 ## - ENTRADA PRINCIPAL--NOMBRE DE PERSONA
Nombre de persona Miriam Slujalkovsky Jiménez
245 #0 - MENCIÓN DEL TÍTULO
Título Pancho
260 ## - PUBLICACIÓN, DISTRIBUCIÓN, ETC.
Nombre del editor, distribuidor, etc. Ediciones CP
Fecha de publicación, distribución, etc. 2013
901 ## - ELEMENTOS DE DATOS A LOCAL LDA (RLIN)
a 28/1/2015 3:34:22 p.m.

No items available.

© 2024. Todos los Derechos Reservados. Desarrollado por IDEICE